Una mirada al mapa /

Costumbres de algunas poblaciones aborígenes argentinas y fiestas especiales: Cajón de Ginebra Chico. La fiesta del fuego en Costa Alegre (Formosa)

Guardado en:
Autor Principal: Borroni, O.
Formato: Deslizar
Series:Historias de la Argentina secreta
Materias:
Etiquetas: Agregar Etiqueta
Sin Etiquetas, Sea el primero en etiquetar este registro!
LEADER 00979ngm a22002895g 4500
001 CEM.cems021493
008 130507b1992##################0###0#####d
005 20240826183344.0
245 1 0 |a Una mirada al mapa /  |c O. Borroni. 
300 |a 31 
490 0 |a Historias de la Argentina secreta 
500 |a En soporte VHS, consultar en ventanilla. 
538 |a Soporte: VHS - Norma: Pal N - Color - Grabación Drd 1992 - Hitachi=1919. 
520 |a Costumbres de algunas poblaciones aborígenes argentinas y fiestas especiales: Cajón de Ginebra Chico. La fiesta del fuego en Costa Alegre (Formosa) 
100 1 |a Borroni, O. 
082 3 0 |/ ARA 
653 |a ARGENTINA-ABORIGENES 
653 |a SOCIOLOGIA 
653 |a ABORIGENES 
653 |a CULTURAS 
653 |a ARGENTINA-HISTORIA 
653 |a ARGENTINA 
653 |a FORMOSA 
653 |a FUEGO 
653 |a FIESTAS 
653 |a COSTUMBRES 
859 |a CEMS  |b BIB. CEMS - Depto. Recursos Didacticos  |h 301  |i ARA  |k DRD  |p 136.12  |t Ej.1